Normal view
MARC view
- Running, Mark .
Entry Personal Name
001 - CONTROL NUMBER
- control field: 38141
003 - CONTROL NUMBER IDENTIFIER
- control field: OSt
005 - DATE AND TIME OF LATEST TRANSACTION
- control field: 20190402160829.0
008 - FIXED-LENGTH DATA ELEMENTS
- fixed length control field: 190402|| aca||aabn | a|a d
040 ## - CATALOGING SOURCE
- Original cataloging agency: OSt
- Transcribing agency: OSt
100 ## - HEADING--PERSONAL NAME
- Personal name: Running, Mark .
670 ## - SOURCE DATA FOUND
- Source citation: Work cat.: (OSt): Running, Mark ., A primer on cell and molecular biology /, ©2015.
